Catálogo
 En Linea

Guía práctica : (Registro nro. 53034)

Detalles MARC
000 -CABECERA
campo de control de longitud fija 01148nam a2200241 a 4500
003 - IDENTIFICADOR DEL NÚMERO DE CONTROL
campo de control DO-SdBNP
005 - FECHA Y HORA DE LA ÚLTIMA TRANSACCIÓN
campo de control 20221130094515.0
007 - CAMPO FIJO DE DESCRIPCIÓN FÍSICA--INFORMACIÓN GENERAL
campo de control de longitud fija ta
008 - DATOS DE LONGITUD FIJA--INFORMACIÓN GENERAL
campo de control de longitud fija 150602s2018 dr ado 000 0 spa d
020 ## - NÚMERO INTERNACIONAL ESTÁNDAR DEL LIBRO
Número Internacional Estándar del Libro 9789945914306
040 ## - FUENTE DE LA CATALOGACIÓN
Centro catalogador/agencia de origen DO-SdBNP
Lengua de catalogación spa
Centro/agencia transcriptor BNPHU
082 ## - NÚMERO DE LA CLASIFICACIÓN DECIMAL DEWEY
Número de clasificación xxxxx
Número de documento/Ítem xxxxx
110 ## - ENTRADA PRINCIPAL--NOMBRE DE ENTIDAD CORPORATIVA
Nombre de entidad corporativa o nombre de jurisdicción como elemento de entrada República Dominicana
Unidad subordinada Ministerio de Medio Ambiente y Recursos Naturales
9 (RLIN) 66969
245 00 - MENCIÓN DE TÍTULO
Título Guía práctica :
Resto del título para la aplicación de la normativa de acceso a recursos genéticos, conocimientos tradicionales asociados y distribución justa y equitativa de beneficios de la República Dominicana
Mención de responsabilidad, etc. presentación Ángel Estévez
260 ## - PUBLICACIÓN, DISTRIBUCIÓN, ETC.
Lugar de publicación, distribución, etc. Santo Domingo :
Nombre del editor, distribuidor, etc. Ministerio de Medio Ambiente y Recursos Naturales,
Fecha de publicación, distribución, etc. 2018.
300 ## - DESCRIPCIÓN FÍSICA
Extensión 131 P. :
Otras características físicas il, graf., fot. ;
Dimensiones 28 cm.
500 ## - NOTA GENERAL
Nota general Libro en espiral.
505 0# - NOTA DE CONTENIDO CON FORMATO
Título Abreviaturas --
-- Presentación --
-- Introducción --
-- Marco Oriental --
-- Instructivo orientador No. 1 --
-- Instructivo orientador No. 2 --
-- Instructivo orientador No. 3 --
-- Instructivo orientador No. 4 --
590 ## - NOTA LOCAL (RLIN)
Nota local Inventariado, 2022/ YL
700 12 - PUNTO DE ACCESO ADICIONAL--NOMBRE DE PERSONA
Nombre de persona Estévez, Ángel
Término indicativo de función/relación pres.
9 (RLIN) 1591
910 ## - DATOS DE OPCIÓN DEL USUARIO (OCLC)
Datos de opción del usuario YLockward
942 ## - ELEMENTOS DE PUNTO DE ACCESO ADICIONAL (KOHA)
Fuente del sistema de clasificación o colocación Dewey Decimal Classification
Tipo de ítem Koha Libro
Existencias
Estado de retiro Estado de pérdida Fuente del sistema de clasificación o colocación Restricciones de uso No para préstamo Código de colección Localización permanente Ubicación/localización actual Ubicación en estantería Fecha de adquisición Fuente de adquisición Total de préstamos Signatura topográfica completa Código de barras Fecha visto por última vez Precio válido a partir de Tipo de ítem Koha Número de copia
    Dewey Decimal Classification Excluido de préstamo   Patrimonio Dominicano Biblioteca Nacional Pedro Henríquez Ureña Biblioteca Nacional Pedro Henríquez Ureña En catalogación 10.01.2019 Ministerio de Medio Ambiente y Recursos Naturales   xxxxx xxxxx 2022-5823 30.11.2022 30.11.2022 Libro  
    Dewey Decimal Classification Excluido de préstamo   Patrimonio Dominicano Biblioteca Nacional Pedro Henríquez Ureña Biblioteca Nacional Pedro Henríquez Ureña En catalogación 10.01.2019 Ministerio de Medio Ambiente y Recursos Naturales   xxxxx xxxxx 2022-5824 30.11.2022 30.11.2022 Libro e. 2
    Dewey Decimal Classification Préstamo en sala   Dominicana de Servicio Biblioteca Nacional Pedro Henríquez Ureña Biblioteca Nacional Pedro Henríquez Ureña En catalogación 10.01.2019 Ministerio de Medio Ambiente y Recursos Naturales   xxxxx xxxxx 2022-5825 30.11.2022 30.11.2022 Libro e. 3

Con tecnología Koha